Pays gouvernés par une monarchie - Statistiques

Statistiques générales
  • Ce quiz a été pris 160 fois
    130 depuis la dernière actualisation
  • Le résultat moyen est 25 sur 45
Statistiques - réponses
Continent Réponses % Correct
Europe Royaume Uni
94%
Europe Espagne
90%
Europe Belgique
89%
Europe Suède
87%
Europe Danemark
82%
Europe Norvège
82%
Proche-Orient Arabie Saoudite
75%
Europe Andorre
73%
Océanie Australie
73%
Proche-Orient Qatar
73%
Europe Monaco
71%
Amérique Canada
69%
Proche-Orient Emirats Arabes Unis
69%
Europe Liechtenstein
64%
Europe Luxembourg
64%
Europe Pays-Bas
63%
Océanie Nouvelle-zélande
62%
Afrique Maroc
61%
Europe Vatican
61%
Proche-Orient Oman
59%
Asie Japon
58%
Proche-Orient Jordanie
57%
Asie Thailande
53%
Proche-Orient Bahreïn
52%
Asie Brunei
50%
Proche-Orient Koweït
49%
Océanie Samoa
44%
Afrique Eswatini
42%
Amérique Sainte-Lucie
42%
Océanie Tonga
42%
Asie Bhoutan
40%
Océanie Tuvalu
40%
Amérique Antigua-et-Barbuda
39%
Amérique Barbade
38%
Amérique Saint-Christophe-et-Niévès
38%
Amérique Saint-Vincent-et-les-Grenadines
37%
Afrique Lesotho
36%
Asie Malaisie
35%
Amérique Belize
33%
Amérique Bahamas
32%
Asie Cambodge
31%
Amérique Grenade
31%
Océanie Salomon
31%
Amérique Jamaïque
28%
Océanie Papouasie-Nouvelle-Guinée
23%
Aucun quiz correspondant
Distribution des résultats
% des personnes avec chaque résultat
Percentile par nombre de réponses
Votre historique - résultats
Vous n’avez pas pris ce quiz depuis la dernière actualisation